| 000 | 00522nam a22001937a 4500 | ||
|---|---|---|---|
| 003 | Ost | ||
| 005 | 20250305100006.0 | ||
| 008 | 250305b |||||||| |||| 00| 0 eng d | ||
| 020 | _a9780393731804 | ||
| 040 | _cBT-PhCST | ||
| 050 | _a25199 | ||
| 082 |
_222 _a720.68 _bSEG |
||
| 100 | _aSegal, Paul. | ||
| 245 |
_aProfessional practice : _ba guide to turning designs into buildings / |
||
| 260 |
_aLondon : _bNorton Company, _cc2006. |
||
| 300 |
_a144 p. : _bill. ; _c15 cm. |
||
| 500 | _aIncludes index. | ||
| 942 |
_2ddc _cAE |
||
| 999 |
_c9906 _d9906 |
||